| 000 | 01238nam a2200361 i 4500 | ||
|---|---|---|---|
| 001 | 45362 | ||
| 003 | KOSZ 005 | ||
| 005 | 20211228134144.0 | ||
| 008 | 040723s2004 pl a f f |001 0 pol | ||
| 015 | _aPB 2004/14666 | ||
| 020 | _a8373614869 | ||
| 040 |
_aWA N _cWA N _dKOSZ 005/HR |
||
| 041 | 0 | _apol | |
| 046 | _k2004 | ||
| 080 | _a004.42 | ||
| 080 | _a(07) | ||
| 100 | 1 |
_aMrozek, Bogumiła _eAutor |
|
| 245 | 1 | 0 |
_aMATLAB i Simulink : _bnajbardziej efektywne narzędzie do rozwiązywania złożonych problemów matematycznych i ekonomicznych : poradnik użytkownika / _cBogumiła Mrozek, Zbigniew Mrozek. |
| 250 | _aWyd. 2 zm. i rozsz. | ||
| 260 |
_aGliwice : _b"Helion", _ccop. 2004. |
||
| 300 |
_a348 s. : _brys., tab., wykr. ; _c24 cm. |
||
| 380 | _aKsiążki | ||
| 388 | _a2001- | ||
| 504 | _aBibliogr. s. 327-331. Indeks. | ||
| 650 | 4 | _aSimulink (program komputerowy) | |
| 650 | 4 | _aMatlab | |
| 655 | 4 | _aPodręcznik | |
| 658 | _aInformatyka i technologie informacyjne | ||
| 700 | 1 |
_aMrozek, Zbigniew _eAutor |
|
| 710 | 2 |
_aHelion _4pbl. |
|
| 856 |
_uhttp://koha.tu.koszalin.pl/cgi-bin/koha/opac-detail.pl?biblionumber=45362 _yKatalog online BPK |
||
| 942 |
_2UKD _cKS |
||
| 999 |
_c45362 _d45362 |
||